Estrategia para el desarrollo regional a mediano y largo plazo
Conjunto de resultados de análisis, alternativas de acción, políticas y recomendaciones sobre desarrollo regional en Panamá se sientan las bases para la toma de decisiones en cuanto a la regionalización del país, para fines de planificación del desarrollo a mediano y largo plazo./ALLV
Tallennettuna:
| Yhteisötekijä: | |
|---|---|
| Aineistotyyppi: | Teksti |
| Julkaistu: |
Ministerio de Planificación y Política :
|
| Aiheet: | |
| Tagit: |
Lisää tagi
Ei tageja, Lisää ensimmäinen tagi!
|
MARC
| LEADER | 00000 a a2200000 04500 | ||
|---|---|---|---|
| 001 | 19625 | ||
| 003 | |||
| 040 | |||
| 090 | |a 078200 | ||
| 110 | |a Panamá. Ministerio de Planificación y Política Económica. Dirección de Planificación y Coordinación Regional | ||
| 245 | |a Estrategia para el desarrollo regional a mediano y largo plazo | ||
| 260 | |a Ministerio de Planificación y Política : | ||
| 300 | |a 186 p. | ||
| 520 | |a Conjunto de resultados de análisis, alternativas de acción, políticas y recomendaciones sobre desarrollo regional en Panamá se sientan las bases para la toma de decisiones en cuanto a la regionalización del país, para fines de planificación del desarrollo a mediano y largo plazo./ALLV | ||
| 650 | |a PANIFICACION REGIONAL | ||
| 650 | |a DESARROLLO ECONOMICO | ||
| 999 | |c 15471 |d 15471 | ||
